| 000 | 00486nam a22001817a 4500 | ||
|---|---|---|---|
| 003 | MPLRDC | ||
| 005 | 20220104125515.0 | ||
| 008 | 210129b ||||| |||| 00| 0 eng d | ||
| 020 | _a957-13-1310-6 | ||
| 082 | _a947.416 GQJ-2 v.4 | ||
| 100 | _a宫崎 骏 著 | ||
| 245 |
_a风之谷. 四 _c谭杰中 译 |
||
| 250 | _a初版一刷 | ||
| 260 |
_a台湾 _b时报文化出版企业有限公司 _c1994 |
||
| 300 | _b161 | ||
| 650 | _a彩色卡通漫画 | ||
| 942 |
_cBK _o947.416 GQJ-2 v.4 |
||
| 999 |
_c27906 _d27896 |
||